00556nam a22001937a 450000500170000001000130001702000230003003500130005303700160006604000120008208200150009410000230010924500640013226000510019627000490024730000290029665000140032565000230033920170124105912.0 aA-709417 c150.00a8174350039 aA-709417 bCen Lib/Ret aDPLbEN a270.3bALT aAltaf Ahmad Kherie aComprehensive guide-book of islam /cby Altaf Ahmad Kherie a DelhibAdam Publishers and Distributorsc1994 b DelhiaShandar market, Chitli qabare110006 axxxiii, 467p. c21cm(Hb) aIslam y  aArticles of faith